| 000 | 00570pam a2200181 a 4500 | ||
|---|---|---|---|
| 020 | _a0471009539 (acidfree paper) | ||
| 040 | _cDLC | ||
| 082 | 0 | 0 | _a006 JOH 1994 A004 Or. |
| 100 | 1 | _aGradecki, Joe, | |
| 245 | 1 | 4 | _aThe virtual reality construction kit / |
| 260 |
_aNew York : _bJohn Wiley, _cc1994. |
||
| 300 |
_axv, 340 p. : _bill. ; _c24 cm. + _e1 computer disk (3 1/2 in.) |
||
| 500 | _aSystem requirements for computer disk: PC; DOS; hard disk. | ||
| 500 | _aIncludes index. | ||
| 650 | 0 | _aHuman-computer interaction. | |
| 650 | 0 | _aVirtual reality. | |
| 942 | _cEK | ||
| 999 |
_c16400 _d16400 |
||